000 00680nam a2200241Ia 4500
003 OSt
005 20220925220711.0
006 a|||||r|||| 00| 0
007 ta
008 220923b |||||||| |||| 00| 0 eng d
037 _cGeneral Book
040 _aRTL
_cRTL
_beng
041 _2eng
_aeng
082 _aX9(L:5), M7
100 _aWilliams Alan
245 0 _aHealth and economics
260 _aLondon
_bMacmillan
_c1987
300 _axiii,212p
_ccm.
490 _aBritish Association For The Advancement Of Science, Proceedings . 1986
650 _aHealth Economics
942 _hX9(L:5), M7
_cGB
_2CC
999 _c572117
_d572117